Argentinos del S. XX - Estadísticas

Estadísticas generales
  • Esta prueba ha sido intentada 65 veces
  • La puntuación promedio es 16 de 28
Estadísticas de respuestas
Imagen Respuesta % Correcto
Diego Maradona
100%
Juan Domingo Perón
93%
Carlos Menem
91%
"Che" Guevara
87%
Eva Duarte de Perón
87%
Mercedes Sosa
84%
Carlos Gardel
82%
Carlitos Bala
80%
Juan Manuel Fangio
80%
Rene Favaloro
78%
Jorge Luis Borges
75%
Sandro
75%
Maria Elena Walsh
73%
Mirtha Legrand
73%
Susana Gimenez
71%
"Palito" Ortega
58%
Atahualpa Yupanqui
55%
Alberto Olmedo
53%
Tato Bores
51%
"Tita" Merello
38%
"Coca" Sarli
35%
Roberto Fontanarrosa
35%
Graciela Borges
24%
José Marrone
24%
Rodolfo Walsh
20%
Nacha Guevara
15%
Marta Minujín
9%
Raúl Scalabrini Ortiz
7%
No se encontraron pruebas coincidentes
Distribución de puntuación
Porcentaje de gente con cada puntuación
Porcentaje por número respondido
Historial de tus puntuaciones
No has intentado esta prueba.